<?xml version="1.0" encoding="UTF-8"?>
<collection xmlns="http://www.loc.gov/MARC21/slim">
 <record>
  <leader>01786nam a22002657a 4500</leader>
  <controlfield tag="001">NCT_90754</controlfield>
  <controlfield tag="008">210624b        xxu||||| |||| 00| 0 vie d</controlfield>
  <datafield tag="999" ind1=" " ind2=" ">
   <subfield code="c">4476</subfield>
   <subfield code="d">4476</subfield>
  </datafield>
  <datafield tag="020" ind1=" " ind2=" ">
   <subfield code="a">9786043008210</subfield>
   <subfield code="c">60000</subfield>
  </datafield>
  <datafield tag="082" ind1="0" ind2="4">
   <subfield code="2">23rd ed.</subfield>
   <subfield code="a">160</subfield>
   <subfield code="b">V121</subfield>
  </datafield>
  <datafield tag="100" ind1="1" ind2=" ">
   <subfield code="a">Nguyễn Thuý Vân</subfield>
  </datafield>
  <datafield tag="245" ind1="1" ind2="0">
   <subfield code="a">Lôgíc học đại cương</subfield>
   <subfield code="c">Nguyễn Thuý Vân, Nguyễn Anh Tuấn</subfield>
  </datafield>
  <datafield tag="260" ind1=" " ind2=" ">
   <subfield code="a">H.</subfield>
   <subfield code="b">Đại học Quốc gia Hà Nội</subfield>
   <subfield code="c">2020</subfield>
  </datafield>
  <datafield tag="300" ind1=" " ind2=" ">
   <subfield code="a">266 tr.</subfield>
   <subfield code="b">Minh họa</subfield>
   <subfield code="c">21cm</subfield>
  </datafield>
  <datafield tag="500" ind1=" " ind2=" ">
   <subfield code="a">ĐTTS ghi: Đại học Quốc gia Hà Nội. Trường đại học Khoa học Xã hội và Nhân văn</subfield>
  </datafield>
  <datafield tag="520" ind1="3" ind2=" ">
   <subfield code="a">Sách trình bày những kiến thức chung về bản chất của lôgíc học, về khái niệm, phán đoán, suy luận, chứng minh và giả thuyết, về các quy luật của tư duy logic chính xác.</subfield>
  </datafield>
  <datafield tag="653" ind1=" " ind2=" ">
   <subfield code="a">Quản trị kinh doanh</subfield>
  </datafield>
  <datafield tag="700" ind1="1" ind2=" ">
   <subfield code="a">Nguyễn Anh Tuấn</subfield>
  </datafield>
  <datafield tag="942" ind1=" " ind2=" ">
   <subfield code="2">ddc</subfield>
   <subfield code="c">BK</subfield>
  </datafield>
  <datafield tag="952" ind1=" " ind2=" ">
   <subfield code="0">0</subfield>
   <subfield code="1">0</subfield>
   <subfield code="2">ddc</subfield>
   <subfield code="4">0</subfield>
   <subfield code="6">160_000000000000000_V121</subfield>
   <subfield code="7">0</subfield>
   <subfield code="9">21463</subfield>
   <subfield code="a">000001</subfield>
   <subfield code="b">000001</subfield>
   <subfield code="d">2021-06-24</subfield>
   <subfield code="o">160 V121</subfield>
   <subfield code="p">MD.18752</subfield>
   <subfield code="r">2021-06-24</subfield>
   <subfield code="v">60000.00</subfield>
   <subfield code="w">2021-06-24</subfield>
   <subfield code="y">BK</subfield>
  </datafield>
  <datafield tag="952" ind1=" " ind2=" ">
   <subfield code="0">0</subfield>
   <subfield code="1">0</subfield>
   <subfield code="2">ddc</subfield>
   <subfield code="4">0</subfield>
   <subfield code="6">160_000000000000000_V121</subfield>
   <subfield code="7">0</subfield>
   <subfield code="9">21464</subfield>
   <subfield code="a">000001</subfield>
   <subfield code="b">000001</subfield>
   <subfield code="d">2021-06-24</subfield>
   <subfield code="o">160 V121</subfield>
   <subfield code="p">MD.18753</subfield>
   <subfield code="r">2021-06-24</subfield>
   <subfield code="v">60000.00</subfield>
   <subfield code="w">2021-06-24</subfield>
   <subfield code="y">BK</subfield>
  </datafield>
  <datafield tag="952" ind1=" " ind2=" ">
   <subfield code="0">0</subfield>
   <subfield code="1">0</subfield>
   <subfield code="2">ddc</subfield>
   <subfield code="4">0</subfield>
   <subfield code="6">160_000000000000000_V121</subfield>
   <subfield code="7">0</subfield>
   <subfield code="9">21465</subfield>
   <subfield code="a">000001</subfield>
   <subfield code="b">000001</subfield>
   <subfield code="d">2021-06-24</subfield>
   <subfield code="o">160 V121</subfield>
   <subfield code="p">MD.18754</subfield>
   <subfield code="r">2021-06-24</subfield>
   <subfield code="v">60000.00</subfield>
   <subfield code="w">2021-06-24</subfield>
   <subfield code="y">BK</subfield>
  </datafield>
  <datafield tag="952" ind1=" " ind2=" ">
   <subfield code="0">0</subfield>
   <subfield code="1">0</subfield>
   <subfield code="2">ddc</subfield>
   <subfield code="4">0</subfield>
   <subfield code="6">160_000000000000000_V121</subfield>
   <subfield code="7">0</subfield>
   <subfield code="9">21466</subfield>
   <subfield code="a">000001</subfield>
   <subfield code="b">000001</subfield>
   <subfield code="d">2021-06-24</subfield>
   <subfield code="o">160 V121</subfield>
   <subfield code="p">MD.18755</subfield>
   <subfield code="r">2021-06-24</subfield>
   <subfield code="v">60000.00</subfield>
   <subfield code="w">2021-06-24</subfield>
   <subfield code="y">BK</subfield>
  </datafield>
  <datafield tag="952" ind1=" " ind2=" ">
   <subfield code="0">0</subfield>
   <subfield code="1">0</subfield>
   <subfield code="2">ddc</subfield>
   <subfield code="4">0</subfield>
   <subfield code="6">160_000000000000000_V121</subfield>
   <subfield code="7">0</subfield>
   <subfield code="9">21467</subfield>
   <subfield code="a">000001</subfield>
   <subfield code="b">000001</subfield>
   <subfield code="d">2021-06-24</subfield>
   <subfield code="o">160 V121</subfield>
   <subfield code="p">MD.18756</subfield>
   <subfield code="r">2021-06-24</subfield>
   <subfield code="v">60000.00</subfield>
   <subfield code="w">2021-06-24</subfield>
   <subfield code="y">BK</subfield>
  </datafield>
  <datafield tag="980" ind1=" " ind2=" ">
   <subfield code="a">Thư viện Trường Đại học Nam Cần Thơ</subfield>
  </datafield>
 </record>
</collection>
